000 00290nam a22001337a 4500
008 181029b xxu||||| |||| 00| 0 eng d
020 _a9780495812265
041 _aeng
080 _26th
_a610
100 _a4
101 _aSHM
245 _aBecoming a Helper
_cCorey,M.S
942 _2udc
_cBK
999 _c51015
_d51015